000
00226 a2200097 4500
001
13341
100
_a
Hostler, C W
245
_a
Turkish And the Soviets
260
_a
London
_b
George Allan & Unwin Ltd
_c
090
_c
10357
_d
10357
942
_a
NUST-CAE
_c
M
_c
400
999
_c
248414
_d
248414